| 000 | 00832nam a2200265 i 4500 | ||
|---|---|---|---|
| 001 | bg | ||
| 100 | 1 | _aKRÓLAK, Edward | |
| 245 | 1 | 0 |
_aFizyka cieplna budowli : _bćwiczenia laboratoryjne : pomoc dydaktyczna / _cEdward Królak ; Politechnika Krakowska im. Tadeusza Kościuszki. |
| 260 |
_aKraków : _bWydawnictwa PK, _c1998. |
||
| 300 |
_a73 s. : _brys., wykr. ; _c24 cm. |
||
| 504 | _aBibliogr. s. 73. | ||
| 650 | 9 |
_aCiepło _xbudownictwo |
|
| 650 | 9 |
_aWilgotność _xbudownictwo |
|
| 650 | 9 |
_aCiepło _xpomiary |
|
| 650 | 9 |
_aMateriały budowlane _xfizyka |
|
| 655 | _aĆwiczenia i zadania | ||
| 710 | 0 | _aPOLITECHNIKA KRAKOWSKA (Kraków) | |
| 020 | _a8390387808 | ||
| 040 | _cBPK | ||
| 041 | 0 | _apl | |
| 080 | _a69:536.6](075.8) | ||
| 920 | _a83-903878-0-8 | ||
| 942 | _cKS | ||
| 008 | s pl f |000 0 pol | ||
| 999 |
_c33150 _d33150 |
||
| 856 |
_uhttp://koha.tu.koszalin.pl/cgi-bin/koha/opac-detail.pl?biblionumber=33150 _yKatalog online BPK |
||